000 00300 a2200133 4500
001 147757
040 _cEscola São Tomás de Aquino
100 _aMAZZETTI, Maria
240 1 0 _aCara de lua cheia
_lpor
245 1 0 _aCara de lua cheia
300 _a12
697 _a*LITERATURA INFANTO
942 _cBK
999 _c147757
_d147757